Modern American English
Spremljeno u:
| Glavni autor: | |
|---|---|
| Format: | Knjiga |
| Jezik: | Undetermined |
| Izdano: |
New York
Regents
1962
|
| Teme: | |
| Oznake: |
Dodaj oznaku
Bez oznaka, Budi prvi tko označuje ovaj zapis!
|
| Thư viện lưu trữ: | Trung tâm Học liệu Trường Đại học Cần Thơ |
|---|
| LEADER | 00498nam a2200193Ia 4500 | ||
|---|---|---|---|
| 001 | CTU_26071 | ||
| 008 | 210402s9999 xx 000 0 und d | ||
| 082 | |a 420 | ||
| 082 | |b D619/T.4 | ||
| 100 | |a Dixon, Robert J | ||
| 245 | 0 | |a Modern American English | |
| 245 | 0 | |c Robert J Dixon | |
| 260 | |a New York | ||
| 260 | |b Regents | ||
| 260 | |c 1962 | ||
| 650 | |a English language | ||
| 650 | |x Study and teaching | ||
| 904 | |i Lan, 981007 | ||
| 980 | |a Trung tâm Học liệu Trường Đại học Cần Thơ | ||